00597nam a22001577a 450000500170000001000150001702000250003203500140005703700130007108200080008424500750009226000380016727000610020530000210026650501520028720170630161952.0 aENG-118872 a9789386296832c85.00 aEN-102404 bDBAD/PUB a485 aEnglish in use :ba course in communication skills and soft skills-1 / aTelanganabOrient Blackswanc2016 a3-6-752 Himayatnagar, Hyderabad-500029, Telangana, India a119pc24cm.(pbk) aPrepared for semester II, foundation course 4 communication skills and soft skills-1 (CSS-1) as per the revised andhra pradesh common core syllabus